000 01334cam a2200361 a 4500
001 810602
003 ARRUPE
005 20131127125952.0
008 900202s1989 nyu b 001 0 eng
010 _a 89009979
020 _a0020336616 :
_c$8.95 ($12.50 Can.)
035 _a(OCoLC)19777462
035 _a(OCoLC)ocm19777462
035 _a(CStRLIN)NYCG90-B7733
035 _a(NNC)810602
040 _aDLC
_cDLC
_dDLC
_dNNC
043 _an-us---
050 1 0 _aBR516
_b.H78 1989
090 _aBR516
_b.H78 1989
100 1 _aHutcheson, Richard G.,
_d1921-2012.
_94176
245 1 0 _aGod in the White House :
_bhow religion has changed the modern presidency /
_cRichard G. Hutcheson, Jr.
250 _a1st Collier Books ed.
260 _aNew York :
_bCollier Books ;
_aLondon :
_bCollier Macmillan,
_c1989.
300 _axiii, 273 p. ;
_c21 cm.
504 _aIncludes bibliographical references (p. 249-262) and index.
650 0 _aFreedom of religion
_zUnited States
_xHistory
_y20th century.
_94177
650 0 _aPresidents
_zUnited States
_xReligion.
_94178
650 0 _aChurch and state
_zUnited States
_xHistory
_y20th century.
_94179
650 0 _aConservatism
_zUnited States
_xHistory
_y20th century.
_94180
651 0 _aUnited States
_xChurch history
_y20th century.
_94181
942 _2lcc
_cMONOGRAPH
999 _c118771
_d118771